Religion Quiz

Random Religion or Church Quiz

Who Did What in the Bible? Quiz Stats

 Plays Quiz not verified by Sporcle

Score 0/33 Timer 04:00
0 Plays Today
% Correct
Mary
85.4%
Jesus
85%
God
83.9%
Jesus
83.9%
Other
83.9%
Adam
83.6%
Moses
82.5%
Mary
82.1%
Jesus
81.4%
Other
80.7%
Other
80.4%
Moses
78.6%
Adam
77.1%
Mary
77.1%
Moses
76.1%
Other
75.7%
Moses
74.3%
% Correct
Satan
72.5%
Satan
71.1%
Satan
70.7%
Mary
67.5%
God
67.1%
Adam
62.9%
Other
61.4%
Other
60%
Satan
59.6%
Adam
57.5%
Other
56.4%
God
51.4%
Satan
36.8%
God
32.5%
God
21.4%
Satan
3.9%

You're not logged in!

Compare scores with friends on all Sporcle quizzes.
OR
Log In

Sporcle TV

Today on Sporcle TV


Watch our educational content, quiz creation guides, and fun videos on Sporcle TV.

Show Comments

Extras

Top Quizzes Today


Score Distribution

Your Account Isn't Verified!

In order to create a playlist on Sporcle, you need to verify the email address you used during registration. Go to your Sporcle Settings to finish the process.

Report this User

Report this user for behavior that violates our Community Guidelines.

Details: